| 000 | 01134cab a2200253 4500 | ||
|---|---|---|---|
| 001 | ABS67582 | ||
| 008 | 040331n2004 000 0 eng u | ||
| 035 | _a(Sirsi) u125685 | ||
| 100 | _aLetts, J. | ||
| 245 | 4 | _aThe role of the regulator | |
| 260 | _c2004 | ||
| 490 |
_aRICS Building Control _v (149) April 2004, 12-13(2) |
||
| 520 | _aOutlines ways in which confusion about "BS5839-1: 2002 Fire detection and alarm systems for buildings - Part 1: code of practice for design, installation, commissioning and maintenance" can be eradicated. Observes that many specifications require a new fire detection and alarm system to meet the requirements of BS5839-1, but historically this may not have been delivered or there is no evidence of compliance. Suggests regulators examine fire certificates closely, as outlined in BS5839-1. | ||
| 590 | _aABS | ||
| 650 | _aBS 5839-1: 2002 | ||
| 650 | _aBS 5839-1: 1988 | ||
| 650 | _aBRITISH STANDARDS | ||
| 650 | _aMONITORING | ||
| 650 | _aFIRE DETECTION | ||
| 650 | _aFIRE ALARMS | ||
| 650 | _aFIRE CERTIFICATES | ||
| 690 | _aBUILT ENVIRONMENT-BUILDING STANDARDS | ||
| 942 | _n0 | ||
| 999 |
_c74331 _d74331 |
||